Ekstraklasa - składy drużyn 2025/26 (wiosna) - Statystyki

Ogólne statystyki
  • Ten quiz został rozwiązany 132 razy
  • Średni wynik to 67 z 198
Statystyki odpowiedzi
Klub Liczba minut Pozycja Piłkarz % Poprawnych
Jagiellonia Białystok 2733 N Afimicio Pululu
73%
Jagiellonia Białystok 3397 ŚPO Jesus Imaz
73%
Lech Poznań 4140 BR Bartosz Mrozek
72%
Lech Poznań 3211 N Mikael Ishak
72%
Legia Warszawa 2296 N Mileta Rajović
70%
Legia Warszawa 3180 BR Kacper Tobiasz
68%
Jagiellonia Białystok 3090 BR Sławomir Abramowicz
68%
GKS Katowice 2700 ŚPO Bartosz Nowak
63%
Legia Warszawa 2194 ŚO/ŚP Rafał Augustyniak
63%
Wisła Płock 2004 ŚPO Wiktor Nowak
63%
Lech Poznań 3324 ŚP Antoni Kozubal
60%
Pogoń Szczecin 2123 LS Kamil Grosicki
60%
Jagiellonia Białystok 3041 ŚP Taras Romanczuk
57%
Lechia Gdańsk 1947 N Tomas Bobcek
57%
Legia Warszawa 2399 ŚPO Bartosz Kapustka
56%
Lech Poznań 3031 PO Joel Pereira
56%
Lech Poznań 2454 LS Luis Palma
56%
Górnik Zabrze 2340 BR Marcel Łubik
56%
Raków Częstochowa 2070 BR Oliwier Zych
56%
Motor Lublin 1936 N Karol Czubak
55%
Raków Częstochowa 2916 N Jonatan Braut Brunes
53%
Lech Poznań 2815 LO Michał Gurgul
53%
Lech Poznań 2576 ŚO Antonio Milić
52%
Jagiellonia Białystok 3382 LO Bartłomiej Wdowik
51%
Legia Warszawa 1614 ŚO Radovan Pankov
51%
Wisła Płock 2095 ŚP Dominik Kun
50%
Lechia Gdańsk 2325 ŚP Ivan Zhelizko
50%
Legia Warszawa 1977 ŚP Jurgen Elitim
50%
GKS Katowice 1852 ŚO Alan Czerwiński
49%
Górnik Zabrze 2423 LO Erik Janża
49%
Piast Gliwice 2250 BR Frantisek Plach
49%
Wisła Płock 2340 BR Rafał Leszczyński
49%
Widzew Łódź 1955 N Sebastian Bergier
49%
Lech Poznań 2664 ŚO Mateusz Skrzypczak
48%
Arka Gdynia 2132 ŚPO Sebastian Kerk
48%
Korona Kielce 2340 BR Xavier Dziekoński
48%
Arka Gdynia 2340 BR Damian Węglarz
47%
Bruk-Bet Termalica Nieciecza 1203 N Kamil Zapolnik
47%
Widzew Łódź 1710 LP/LS Mariusz Fornalczyk
47%
Jagiellonia Białystok 3013 PO Norbert Wojtuszek
47%
Górnik Zabrze 2524 ŚP Patrik Hellebrand
47%
Legia Warszawa 2718 PP Paweł Wszołek
47%
Lech Poznań 2098 ŚP Filip Jagiełło
45%
Cracovia 1980 BR Sebastian Madejski
45%
Pogoń Szczecin 2355 BR Valentin Cojocaru
45%
GKS Katowice 2671 ŚO Arkadiusz Jędrych
44%
Jagiellonia Białystok 3009 ŚO Bernardo Vital
44%
Lechia Gdańsk 2085 PP Camilo Mena
44%
Motor Lublin 2160 BR Ivan Brkić
44%
Górnik Zabrze 2311 ŚO Rafał Janicki
44%
GKS Katowice 1150 N Adam Zrelak
43%
Wisła Płock 1616 N Łukasz Sekulski
43%
Cracovia 1351 PS Ajdin Hasić
42%
Jagiellonia Białystok 3071 PS Alex Pozo
42%
Motor Lublin 2304 ŚP Bartosz Wolski
42%
Raków Częstochowa 2750 PP Fran Tudor
42%
Zagłębie Lubin 1483 BR Jasmin Burić
42%
Widzew Łódź 2474 ŚP Juljan Shehu
42%
Legia Warszawa 2016 ŚO Kamil Piątkowski
42%
GKS Katowice 2221 ŚO Lukas Klemenz
42%
Pogoń Szczecin 1020 ŚP Mor Ndiaye
42%
Raków Częstochowa 1314 ŚO Zoran Arsenić
42%
Zagłębie Lubin 1611 ŚPO Marcel Reguła
41%
Cracovia 1536 ŚP Mateusz Klich
41%
GKS Katowice 2147 ŚP Mateusz Kowalczyk
41%
Raków Częstochowa 3052 ŚP Oskar Repka
41%
Lech Poznań 2630 ŚPO Pablo Rodríguez
41%
Piast Gliwice 2385 ŚP Patryk Dziczek
41%
Radomiak Radom 1864 ŚPO Rafał Wolski
41%
Lechia Gdańsk 2326 ŚP Rifet Kapić
41%
Legia Warszawa 1722 LP/LO Ruben Vinagre
41%
Legia Warszawa 1553 ŚP Damian Szymański
40%
Górnik Zabrze 1596 LS Maksym Khlan
40%
Wisła Płock 2416 ŚO Marcin Kamiński
40%
Raków Częstochowa 2788 ŚPO/PP Michael Ameyaw
40%
GKS Katowice 1950 BR Rafał Strączek
40%
Lechia Gdańsk 1830 BR Alex Paulsen
39%
Korona Kielce 1414 ŚPO Dawid Błanik
39%
GKS Katowice 1070 N Ilya Shkurin
39%
Górnik Zabrze 1532 ŚPO Lukas Ambros
39%
GKS Katowice 2547 PP Marcin Wasielewski
39%
Bruk-Bet Termalica Nieciecza 1660 PS/N Morgan Faßbender
39%
Bruk-Bet Termalica Nieciecza 1380 BR Adrian Chovan
38%
Arka Gdynia 1470 N Edu Espiau
38%
Jagiellonia Białystok 868 LS Kamil Jóźwiak
38%
Cracovia 2384 ŚO Oskar Wójcik
38%
Górnik Zabrze 2064 N Sondre Liseth
38%
Radomiak Radom 2460 BR Filip Majchrowicz
36%
Radomiak Radom 2279 LO/PO Jan Grzesik
36%
Pogoń Szczecin 1777 LO Leonardo Koutris
36%
Raków Częstochowa 3317 ŚO Stratos Svarnas
36%
Widzew Łódź 1871 ŚPO Fran Álvarez
35%
Widzew Łódź 2041 ŚO Mateusz Żyro
35%
Raków Częstochowa 1893 ŚPO/N Laimne Diaby-Fadiga
34%
Lech Poznań 2377 PS/LS Leo Bengtsson
34%
Jagiellonia Białystok 1618 ŚP Leon Flach
34%
Arka Gdynia 2434 ŚO Michał Marcjanik
34%
Górnik Zabrze 1172 PO Paweł Olkowski
34%
Motor Lublin 1359 LS Fábio Ronaldo
33%
Górnik Zabrze 1934 ŚP Jarosław Kubicki
33%
Radomiak Radom 1867 N Maurides
33%
Zagłębie Lubin 2013 ŚO Michał Nalepa
33%
Pogoń Szczecin 1494 PS Paul Mukairu
33%
Korona Kielce 1730 PO/PP Wiktor Długosz
33%
GKS Katowice 2277 LP Borja Galan
32%
Motor Lublin 1899 LO Filip Luberecki
32%
Pogoń Szczecin 2194 ŚP Fredrik Ulvestad
32%
Pogoń Szczecin 1281 ŚPO Sam Greenwood
32%
Motor Lublin 1385 ŚP Sergi Samper
32%
Arka Gdynia 1210 ŚO Dawid Gojny
31%
Piast Gliwice 1809 ŚP Grzegorz Tomasiewicz
31%
Piast Gliwice 1539 ŚPO/N Jorge Felix
31%
Górnik Zabrze 2324 ŚO Josema
31%
Bruk-Bet Termalica Nieciecza 1882 ŚP Krzysztof Kubica
31%
Korona Kielce 1943 ŚP Martin Remacle
31%
Lechia Gdańsk 1575 ŚO Matej Rodin
31%
Cracovia 2023 ŚP Amir Al-Ammari
30%
Bruk-Bet Termalica Nieciecza 1757 ŚO Arkadiusz Kasperkiewicz
28%
Raków Częstochowa 3266 ŚO Bogdan Racovițan
28%
Zagłębie Lubin 1363 ŚP Damian Dąbrowski
28%
Cracovia 1508 PO Dominik Piła
28%
Bruk-Bet Termalica Nieciecza 1199 N Jesús Jiménez
28%
Arka Gdynia 2073 ŚP Kamil Jakubczyk
28%
Bruk-Bet Termalica Nieciecza 2226 ŚP Maciej Ambrosiewicz
28%
Widzew Łódź 1724 PP/PO Marcel Krajewski
28%
Arka Gdynia 1989 PP Marc Navarro
28%
Widzew Łódź 960 BR Veljko Ilić
28%
Raków Częstochowa 1816 ŚP Marko Bulat
27%
GKS Katowice 1286 ŚP Bartosz Milewski
26%
Raków Częstochowa 1798 LP Adriano Amorim
25%
Wisła Płock 1946 ŚP Dani Pacheco
25%
Arka Gdynia 1571 LP Dawid Kocyła
25%
Jagiellonia Białystok 1621 ŚO Dusan Stojinovic
25%
Piast Gliwice 1874 ŚO Igor Drapiński
25%
Piast Gliwice 1499 PS Leandro Sanca
25%
Zagłębie Lubin 1142 N Michalis Kosidis
25%
Pogoń Szczecin 846 N Rajmund Molnár
25%
Lechia Gdańsk 1655 N/ŚP Tomasz Neugebauer
25%
Lechia Gdańsk 1343 LP Aleksandar Cirkovic
24%
Arka Gdynia 1578 ŚP Aurelien Nguiamba
24%
Korona Kielce 1608 ŚO Pau Resta
24%
Widzew Łódź 1830 ŚO Ricardo Visus
24%
Widzew Łódź 1616 ŚO Stelios Andreou
24%
Lechia Gdańsk 1301 PO Tomasz Wójtowicz
24%
Widzew Łódź 1266 PS Ángel Baena
23%
Arka Gdynia 1172 ŚO Kike Hermoso
23%
Lechia Gdańsk 2075 LO Matus Vojtko
23%
Motor Lublin 1448 PS Michał Król
23%
Radomiak Radom 1187 PS Vasco Lopes
23%
Zagłębie Lubin 1392 PS/ŚPO Adam Radwański
22%
Piast Gliwice 1643 LO Jakub Lewicki
22%
Motor Lublin 1483 PO Paweł Stolarski
22%
Korona Kielce 1591 N Antoñín
20%
Cracovia 1935 ŚO David Henriksson
20%
Wisła Płock 846 N Deni Jurić
20%
Bruk-Bet Termalica Nieciecza 2190 ŚO Gabriel Isik
20%
Motor Lublin 1722 ŚO Hervé Matthys
20%
Pogoń Szczecin 1965 PO Linus Wahlqvist
20%
Korona Kielce 1845 ŚO Marcel Pięczek
20%
Wisła Płock 2373 ŚO Marcus Haglind-Sangré
20%
Pogoń Szczecin 1466 ŚO Danijel Loncar
19%
Pogoń Szczecin 1736 ŚO Dimitrios Keramitsis
19%
Korona Kielce 1657 LO/LP Konrad Matuszewski
19%
Korona Kielce 2538 ŚP Tamar Svetlin
19%
Bruk-Bet Termalica Nieciecza 1810 LP Damian Hilbrycht
18%
Piast Gliwice 1802 N German Barkovskiy
18%
Motor Lublin 1905 ŚPO Ivo Rodrigues
18%
Korona Kielce 2250 ŚO Konstantinos Sotiriou
18%
Wisła Płock 804 ŚO Nemanja Mijušković
18%
Widzew Łódź 1129 ŚP Szymon Czyż
18%
Bruk-Bet Termalica Nieciecza 1740 ŚO Bartosz Kopacz
17%
Cracovia 1530 ŚPO Martin Minchev
17%
Legia Warszawa 1803 ŚPO Vahan Bichakhchyan
17%
Radomiak Radom 1182 ŚP Roberto Alves
16%
Piast Gliwice 1967 PO Emmanuel Twumasi
15%
Zagłębie Lubin 2039 ŚP Filip Kocaba
15%
Piast Gliwice 1242 LS Hugo Vallejo
15%
Cracovia 364 N Kahveh Zahiroleslam
15%
Motor Lublin 1740 ŚO Marek Bartos
15%
Radomiak Radom 584 LS Luquinhas
14%
Cracovia 545 LS Pau Sans
14%
Korona Kielce 1010 ŚPO Stjepan Davidovic
14%
Wisła Płock 1756 PP Zan Rogelj
14%
Radomiak Radom 1801 PO Zié Ouattara
14%
Zagłębie Lubin 1754 ŚO Aleks Ławniczak
13%
Bruk-Bet Termalica Nieciecza 1177 PP Radu Boboc
13%
Górnik Zabrze 302 PS Roberto Massimo
13%
Radomiak Radom 1881 ŚO Adrián Diéguez
11%
Arka Gdynia 1152 ŚPO Alassane Sidibe
11%
Zagłębie Lubin 1258 PO/PP Josip Ćorluka
11%
Piast Gliwice 1936 ŚO Juande Rivas
11%
Radomiak Radom 2055 ŚO Steve Kingue
11%
Cracovia 1745 LO Bosko Sutalo
10%
Lechia Gdańsk 1853 ŚO Maksym Dyachuk
10%
Wisła Płock 1504 LP Quentin Lecoeuche
9%
Zagłębie Lubin 1924 LO Roman Yakuba
6%
Radomiak Radom 1054 ŚP Ibrahima Camará
5%
Zagłębie Lubin 1338 LS Luka Lucić
3%
Nie znaleziono quizów pasujących do podanych kryteriów
Rozkład punktacji
Procent ludzi z każdym wynikiem
Percentyl według liczby udzielonych odpowiedzi
Twoja historia wyników
Nie rozwiązałeś tego quizu